Competition and Collaboration (Record no. 2064)

MARC details
000 -CABECERA
campo de control de longitud fija 01241nam a2200289 a 4500
001 - NÚMERO DE CONTROL
campo de control BRCA_2319
005 - FECHA Y HORA DE LA ÚLTIMA TRANSACCIÓN
campo de control 20190320203747.0
008 - DATOS DE LONGITUD FIJA--INFORMACIÓN GENERAL
campo de control de longitud fija 080114s2007 ne-a---##b---#001-0#eng-c
020 ## - NÚMERO INTERNACIONAL ESTÁNDAR DEL LIBRO
Número Internacional Estándar del Libro 9789004164178 (Chazen)
020 ## - NÚMERO INTERNACIONAL ESTÁNDAR DEL LIBRO
Número Internacional Estándar del Libro 9789004155398 (Hotei)
040 ## - FUENTE DE LA CATALOGACIÓN
Centro catalogador/agencia de origen BTCTA
Centro/agencia transcriptor BTCTA
Centro/agencia modificador YDXCP
050 #4 - SIGNATURA TOPOGRÁFICA DE LA BIBLIOTECA DEL CONGRESO
Número de clasificación NE1321.85.U8
Número de documento/Ítem .M84 2007
100 1# - ENTRADA PRINCIPAL--NOMBRE DE PERSONA
Nombre de persona Mueller, Laura J.
9 (RLIN) 6970
245 10 - MENCIÓN DE TÍTULO
Título Competition and Collaboration
Resto del título Japanese Prints of the Utagawa School
Mención de responsabilidad, etc. Laura J. Mueller ; with essays by Fujisawa Akane, Kobayashi Tadashi & Ellis Tinios.
260 ## - PUBLICACIÓN, DISTRIBUCIÓN, ETC.
Lugar de publicación, distribución, etc. Leiden, Boston
Nombre del editor, distribuidor, etc. Hotei Publishing
Fecha de publicación, distribución, etc. 2007
300 ## - DESCRIPCIÓN FÍSICA
Extensión 231 p.
Otras características físicas il. (algunas a color)
Dimensiones 31 cm.
500 ## - NOTA GENERAL
Nota general Catálogo de la exposición realizada en el Chazen Museum of Art (Madison, Wisconsin), 3 noviembre, 2007 - 6 enero, 2008 y en The Brooklyn Museum (Brooklyn, New York), 21 marzo - 15 junio, 2008
500 ## - NOTA GENERAL
Nota general Incluye biografías de artistas, glosario e índice alfabético
504 ## - NOTA DE BIBLIOGRAFÍA, ETC.
Nota de bibliografía, etc. Bibliografía : p. 224-226
610 24 - PUNTO DE ACCESO ADICIONAL DE MATERIA--NOMBRE DE ENTIDAD CORPORATIVA
Nombre de entidad corporativa o nombre de jurisdicción como elemento de entrada Utagawa School of Ukiyoe
9 (RLIN) 6971
650 14 - PUNTO DE ACCESO ADICIONAL DE MATERIA--TÉRMINO DE MATERIA
Término de materia o nombre geográfico como elemento de entrada Estampado japonés
9 (RLIN) 6972
650 14 - PUNTO DE ACCESO ADICIONAL DE MATERIA--TÉRMINO DE MATERIA
Término de materia o nombre geográfico como elemento de entrada Grabado japonés
9 (RLIN) 6973
700 1# - PUNTO DE ACCESO ADICIONAL--NOMBRE DE PERSONA
Nombre de persona Fujisawa, Akane
Fechas asociadas al nombre 1971-
9 (RLIN) 6974
700 1# - PUNTO DE ACCESO ADICIONAL--NOMBRE DE PERSONA
Nombre de persona Kobayashi, Tadashi
Fechas asociadas al nombre 1941-
9 (RLIN) 1160
700 1# - PUNTO DE ACCESO ADICIONAL--NOMBRE DE PERSONA
Nombre de persona Tinios, Ellis
9 (RLIN) 6975
942 ## - ELEMENTOS DE PUNTO DE ACCESO ADICIONAL (KOHA)
Fuente del sistema de clasificación o colocación Library of Congress Classification
Tipo de ítem Koha Libros
Holdings
Estado de retiro Estado de pérdida Estado dañado No para préstamo Localización permanente Ubicación/localización actual Fecha de adquisición Total de préstamos Signatura topográfica completa Código de barras Fecha visto por última vez Precio válido a partir de Tipo de ítem Koha
El ejemplar forma parte de la colección y puede ser consultado según las políticas vigentes.       Biblioteca del Museo Franz Mayer (Rogerio Casas-Alatriste) Biblioteca del Museo Franz Mayer (Rogerio Casas-Alatriste) 09/09/2008   NE1321.85.U8 .M84 2007 00918 22/03/2019 22/03/2019 Libros